| 000 | 01086nas a2200301 4500 | ||
|---|---|---|---|
| 001 | BR2011007244 | ||
| 003 | BR-BrBNA | ||
| 005 | 20231205115748.0 | ||
| 007 | ta | ||
| 008 | 230509b bl.|||p| |||| 00| 00por d | ||
| 040 |
_aBR-BrBNA _bpor _cBiblioteca Nacional de Agricultura |
||
| 041 | _a(Pt) | ||
| 072 | _aL70 | ||
| 100 | 1 | _aDias, C.M. | |
| 100 | 1 | _aBrun, M.V. | |
| 100 | 1 | _aColomé, L.M. | |
| 100 | 1 | _aSantos, F.R. | |
| 100 | 1 | _aBortoluzzi, M. | |
| 245 | 1 | _aOvário-histerectomia via cirurgia endoscópica por orifícios naturais (notes)em cadela com laceração vaginal: relato de caso | |
| 246 | 1 | _aOvariohysterectomy by natural transluminal endoscopic surgery (notes)in a bitch with vaginal laceration - A case report | |
| 650 | _aCÃO | ||
| 650 | _aFÊMEA | ||
| 650 | _aCIRURGIA | ||
| 650 | _aOVÁRIO | ||
| 773 | 0 |
_tMEDVEP. Revista Científica de Medicina Veterinária. Pequenos Animais e Animais de Estimação (Brazil) _xISSN 1678-1430 _g(Apr-Jun 2010), v. 8(25) p. 334-338 _wBR2011007244 |
|
| 909 |
_a202311 _bLúcia _c55 _dLúcia Elande |
||
| 942 |
_2AGRIS _n0 _cANA |
||
| 999 |
_c215575 _d215575 |
||